| 000 | 00987nam a2200289Ia 4500 | ||
|---|---|---|---|
| 999 |
_c2421 _d2421 |
||
| 001 | 9630494 | ||
| 003 | OCoLC | ||
| 005 | 20181013133023.0 | ||
| 008 | 830621s1981 pau 000 0 eng d | ||
| 020 | _a0883680955 | ||
| 040 |
_aCTU _cCTU _dHIR |
||
| 082 |
_a272 _bF795F |
||
| 090 |
_aBR1607 _b.F682 1981 |
||
| 092 |
_a272 _bFox |
||
| 100 | 1 |
_aFoxe, John, _d1516-1587. |
|
| 240 | 1 | 0 | _aActes and monuments |
| 245 | 1 | 0 |
_aFoxe's Book of martyrs / _cby John Foxe. |
| 246 | 3 | 0 | _aBook of martyrs |
| 260 |
_aSpringdale, Pa. : _bWhitaker House, _cc1981. |
||
| 300 |
_a408 p. ; _c18 cm. |
||
| 500 | _aAn abridgement of the author's work, the 1st complete English ed. of which was published in 1563 under title: Actes and monuments of these latter and perilous days. | ||
| 650 | 0 |
_aChristian martyrs _zEngland _xBiography. |
|
| 650 | 0 |
_aPersecution _zEngland _xHistory. |
|
| 651 | 0 |
_aEngland _xChurch history _y1066-1485. |
|
| 651 | 0 |
_aEngland _xChurch history _y16th century. |
|
| 942 |
_2ddc _cBK |
||